header

The future of computing performance (Record no. 132774)

MARC details
000 -LEADER
fixed length control field 01800nam a2200373 a 4500
245 14 - TITLE STATEMENT
Title The future of computing performance
260 ## - PUBLICATION, DISTRIBUTION, ETC. (IMPRINT)
Place of publication Washington, D.C. :
Name of publisher National Academies Press,
Year of publication c2011.
300 ## - PHYSICAL DESCRIPTION
Number of Pages xiv, 185 p. :
Other physical details ill.
650 #0 - SUBJECT ADDED ENTRY--TOPICAL TERM
Topical Term Electronic digital computers
Topical Term Multiprocessors.
Topical Term Technological innovations
700 1# - ADDED ENTRY--PERSONAL NAME
Personal name Fuller, Samuel H.,
Personal name Millett, Lynette I.
856 40 - ELECTRONIC LOCATION AND ACCESS
Uniform Resource Identifier http://site.ebrary.com/lib/rucke/Doc?id=10465999

No items available.

© 2026 Rongo University
Contact us: librarian | system librarian | Rongo university